| 000 | 01210nam a2200241Ia 4500 | ||
|---|---|---|---|
| 001 | 9855 | ||
| 003 | GE_BSU | ||
| 008 | 181216s||||||||xx |||||||||||||| ||und|| | ||
| 020 | _a992879009 | ||
| 040 | _cGE_BSU | ||
| 080 | _a821.353.1.09 | ||
| 100 | _aნიკოლეიშვილი,ა. გიორგაძე,ო. გვეტაძე,ო. და სხვ. | ||
| 245 | _aმეოცე საუკუნის ქართული ლიტერატურული კრიტიკის ისტორიის ნარკვევები. | ||
| 245 | _bწიგნი:1.დამხმ.სახელმძღვ.ფილოლოგიის ფაკულტ.სტუდენტებისათვის | ||
| 245 | _cრედ:ლუკა დვალიშვილი | ||
| 260 | _aქუთაისი | ||
| 260 | _bქუთაისის უნ-ტის გამ-ბა | ||
| 260 | _c2004. | ||
| 300 | _a312გვ;20სმ | ||
| 541 | _h12ლ. | ||
| 653 | _aმეოცე საუკუნის ქართული ლიტერატურული კრიტიკის ისტორიის ნარკვევები. | ||
| 942 | _cBK | ||
| 999 |
_c43134 _d43134 |
||